[Event "DEM U12 2017"]
[Site "Willingen GER"]
[Date "2017.06.10"]
[Round "11"]
[White "Stockmann, Till"]
[Black "Farokhi, Keyvan"]
[Result "1-0"]
[Termination "normal"]
[Board "12"]
[WhiteElo "1724"]
[BlackElo "1735"]
[WhiteClock "00:04:00"]
[BlackClock "00:02:09"]
[PlyCount "119"]
[WhiteFideId "12979341"]
[BlackFideId "12998630"]
[EventCountry "GER"]
[EventRounds "11"]
[EventType "swiss"]
[EventDate "2017.06.03"]

1. e4 {[%clk 1:15:57]} 1... c5 {[%clk 1:15:43]} 2. Nf3 {[%clk 1:16:18]} 2...
Nc6 {[%clk 1:15:28]} 3. d4 {[%clk 1:16:41]} 3... cxd4 {[%clk 1:15:33]} 4. Nxd4
{[%clk 1:17:07]} 4... g6 {[%clk 1:15:34]} 5. Nc3 {[%clk 1:17:26]} 5... Bg7 {
[%clk 1:15:51]} 6. Be3 {[%clk 1:17:47]} 6... Nf6 {[%clk 1:15:54]} 7. Bc4 {
[%clk 1:17:49]} 7... d6 {[%clk 1:15:09]} 8. h3 {[%clk 1:16:18]} 8... Qa5 {
[%clk 1:13:24]} 9. O-O {[%clk 1:15:57]} 9... Qb4 {[%clk 1:09:22]} 10. Bb3 {
[%clk 1:11:19]} 10... O-O {[%clk 1:06:09]} 11. a3 {[%clk 1:08:16]} 11... Qa5 {
[%clk 1:04:47]} 12. f4 {[%clk 1:06:28]} 12... Qh5 {[%clk 1:01:03]} 13. Rf3 {
[%clk 1:04:15]} 13... Bd7 {[%clk 0:58:19]} 14. Qd3 {[%clk 1:01:05]} 14... e5 {
[%clk 0:38:30]} 15. Nxc6 {[%clk 0:50:49]} 15... Bxc6 {[%clk 0:37:56]} 16. g4 {
[%clk 0:50:48]} 16... Nxg4 {[%clk 0:38:20]} 17. hxg4 {[%clk 0:51:12]} 17...
Qxg4+ {[%clk 0:38:38]} 18. Kf2 {[%clk 0:51:28]} 18... Qh4+ {[%clk 0:38:42]} 19.
Kg2 {[%clk 0:49:53]} 19... exf4 {[%clk 0:37:21]} 20. Rxf4 {[%clk 0:46:10]}
20... Qg5+ {[%clk 0:36:07]} 21. Kf2 {[%clk 0:45:55]} 21... Be5 {[%clk 0:36:07]}
22. Rg1 {[%clk 0:45:18]} 22... Qe7 {[%clk 0:32:36]} 23. Rfg4 {[%clk 0:43:56]}
23... Kg7 {[%clk 0:27:06]} 24. Qd2 {[%clk 0:35:44]} 24... f5 {[%clk 0:21:09]}
25. Bh6+ {[%clk 0:35:47]} 25... Kh8 {[%clk 0:21:31]} 26. Bxf8 {[%clk 0:36:01]}
26... Qxf8 {[%clk 0:21:40]} 27. Rh4 {[%clk 0:32:10]} 27... fxe4+ { [%clk
0:22:01]} 28. Ke1 {[%clk 0:31:50]} 28... e3 {[%clk 0:21:25]} 29. Qe2 { [%clk
0:30:29]} 29... Bf3 {[%clk 0:18:44]} 30. Qf1 {[%clk 0:30:05]} 30... Qf6 { [%clk
0:18:48]} 31. Rc4 {[%clk 0:19:40]} 31... d5 {[%clk 0:18:39]} 32. Nxd5 { [%clk
0:19:23]} 32... Rd8 {[%clk 0:14:41]} 33. c3 {[%clk 0:12:25]} 33... Bxd5 { [%clk
0:13:49]} 34. Qxf6+ {[%clk 0:12:47]} 34... Bxf6 {[%clk 0:14:06]} 35. Rb4 {[%clk
0:12:46]} 35... Bxb3 {[%clk 0:14:16]} 36. Rxb3 {[%clk 0:13:06]} 36... Bh4+
{[%clk 0:14:33]} 37. Ke2 {[%clk 0:13:03]} 37... Bf2 {[%clk 0:14:52]} 38. Rd1
{[%clk 0:13:16]} 38... Rd2+ {[%clk 0:14:36]} 39. Rxd2 {[%clk 0:13:32]} 39...
exd2 {[%clk 0:14:59]} 40. Kxd2 {[%clk 0:13:53]} 40... Bb6 {[%clk 0:15:10] } 41.
Rb4 {[%clk 0:13:57]} 41... Kg7 {[%clk 0:15:16]} 42. Rf4 {[%clk 0:14:14]} 42...
g5 {[%clk 0:15:31]} 43. Rf1 {[%clk 0:14:05]} 43... h5 {[%clk 0:15:53]} 44. Kd3
{[%clk 0:14:15]} 44... g4 {[%clk 0:15:52]} 45. Ke4 {[%clk 0:14:12]} 45... g3
{[%clk 0:14:04]} 46. Kf3 {[%clk 0:13:54]} 46... h4 {[%clk 0:13:30]} 47. Rh1
{[%clk 0:13:28]} 47... Bd8 {[%clk 0:11:08]} 48. Rd1 {[%clk 0:13:52]} 48... Bg5
{[%clk 0:11:07]} 49. Rd7+ {[%clk 0:13:54]} 49... Kg6 {[%clk 0:10:49]} 50. Rxb7
{[%clk 0:14:18]} 50... Bc1 {[%clk 0:11:03]} 51. b3 {[%clk 0:13:07]} 51... Bf4
{[%clk 0:07:04]} 52. Kg2 {[%clk 0:07:38]} 52... Kf5 {[%clk 0:04:51]} 53. Rxa7
{[%clk 0:03:48]} 53... Kg4 {[%clk 0:04:44]} 54. Rh7 {[%clk 0:03:12]} 54... Bc1
{[%clk 0:03:44]} 55. a4 {[%clk 0:03:25]} 55... Bb2 {[%clk 0:04:02]} 56. c4
{[%clk 0:03:43]} 56... Bc3 {[%clk 0:03:58]} 57. c5 {[%clk 0:04:05]} 57... Ba5
{[%clk 0:03:48]} 58. c6 {[%clk 0:04:22]} 58... Bb6 {[%clk 0:03:17]} 59. Rg7+
{[%clk 0:04:15]} 59... Kf4 {[%clk 0:02:09]} 60. c7 {[%clk 0:04:00]} 1-0

[Event "DEM U12 2017"]
[Site "Willingen GER"]
[Date "2017.06.10"]
[Round "11"]
[White "Neuber, Pascal"]
[Black "Milare, Tyron"]
[Result "0-1"]
[Termination "normal"]
[Board "13"]
[WhiteElo "1632"]
[BlackElo "1780"]
[PlyCount "92"]
[WhiteFideId "16227611"]
[BlackFideId "12987018"]
[EventCountry "GER"]
[EventRounds "11"]
[EventType "swiss"]
[EventDate "2017.06.03"]

1. e4 c5 2. Nf3 Nc6 3. d4 cxd4 4. Nxd4 Nf6 5. Nc3 e6 6. Ndb5 d6 7. Bf4 e5 8.
Bg5 a6 9. Na3 b5 10. Nd5 Be7 11. Bxf6 Bxf6 12. c3 O-O 13. Nc2 Bg5 14. a4 bxa4
15. Rxa4 a5 16. Bc4 Ba6 17. Bxa6 Rxa6 18. O-O Qd7 19. Ncb4 Nxb4 20. Nxb4 Ra7
21. Nd5 f5 22. exf5 Qxf5 23. c4 Kh8 24. Qe2 Bd8 25. Rd1 Raf7 26. f3 Qg6 27. Kh1
Bg5 28. Rxa5 e4 29. fxe4 Qxe4 30. Ne3 Qxe3 31. Qxe3 Bxe3 32. g3 Bc5 33. Rb5 Rf6
34. b4 Ba7 35. Ra5 Bb8 36. Kg2 h6 37. Rd2 Kh7 38. b5 Rc8 39. Rc2 Bc7 40. Ra6
Rb8 41. Re2 Bb6 42. Re7 Bc5 43. Re4 Rf2+ 44. Kh3 Rbf8 45. Re1 Rc2 46. b6 Rb2
0-1

[Event "DEM U12 2017"]
[Site "Willingen GER"]
[Date "2017.06.10"]
[Round "11"]
[White "Röhr, Oliver"]
[Black "Mailitis, Ricardo"]
[Result "1/2-1/2"]
[Termination "normal"]
[Board "14"]
[WhiteElo "1706"]
[BlackElo "1633"]
[PlyCount "60"]
[WhiteFideId "12987697"]
[BlackFideId "12977535"]
[EventCountry "GER"]
[EventRounds "11"]
[EventType "swiss"]
[EventDate "2017.06.03"]

1. e4 e5 2. Nf3 Nc6 3. d4 exd4 4. Nxd4 Qh4 5. Nc3 Bb4 6. Be2 Qxe4 7. Ndb5 Kd8
8. O-O Bxc3 9. bxc3 a6 10. Bf3 Qf5 11. Bxc6 bxc6 12. Nd4 Qg6 13. Re1 Ne7 14.
Qe2 Re8 15. Ba3 Qf6 16. Nf5 d6 17. Bxd6 Bxf5 18. Be5 Qe6 19. Qf3 Qd7 20. Rad1
Nd5 21. Bxg7 Bxc2 22. Rxe8+ Qxe8 23. Rxd5+ cxd5 24. Qxd5+ Ke7 25. Qe5+ Kd7 26.
Qd5+ Ke7 27. Qe5+ Kd7 28. Qd5+ Ke7 29. Qc5+ Kd7 30. Qd4+ Ke7 1/2-1/2

[Event "DEM U12 2017"]
[Site "Willingen GER"]
[Date "2017.06.10"]
[Round "11"]
[White "Breß, Aaron"]
[Black "Wang, Xinyuan"]
[Result "1/2-1/2"]
[Termination "normal"]
[Board "15"]
[WhiteElo "1745"]
[BlackElo "1673"]
[PlyCount "55"]
[WhiteFideId "12996432"]
[BlackFideId "16221494"]
[EventCountry "GER"]
[EventRounds "11"]
[EventType "swiss"]
[EventDate "2017.06.03"]

1. e4 c5 2. Nf3 a6 3. c3 e6 4. d4 d5 5. e5 Bd7 6. a3 cxd4 7. cxd4 Bb5 8. Bxb5+
axb5 9. O-O Nc6 10. Qd3 b4 11. Bd2 Nge7 12. Rc1 Qb6 13. Be3 Nf5 14. Nbd2 bxa3
15. bxa3 Be7 16. Rcb1 Qc7 17. Qb3 Rb8 18. Qb6 Qd7 19. Nb3 O-O 20. Nc5 Bxc5 21.
Qxc5 Rfc8 22. Qb5 Qc7 23. a4 Nxe3 24. fxe3 Qa5 25. Rc1 Qa6 26. Rab1 Na5 27. Nd2
Qxb5 28. axb5 1/2-1/2

[Event "DEM U12 2017"]
[Site "Willingen GER"]
[Date "2017.06.10"]
[Round "11"]
[White "Tham, Nam"]
[Black "Marschall, Tillmann"]
[Result "1-0"]
[Termination "normal"]
[Board "16"]
[WhiteElo "1762"]
[BlackElo "1613"]
[PlyCount "83"]
[WhiteFideId "12997331"]
[BlackFideId "12973220"]
[EventCountry "GER"]
[EventRounds "11"]
[EventType "swiss"]
[EventDate "2017.06.03"]

1. e4 c6 2. Nc3 d5 3. Nf3 Bg4 4. Be2 e6 5. d4 Nf6 6. e5 Nfd7 7. Ng5 Bxe2 8.
Qxe2 h6 9. Qh5 g6 10. Qh3 Be7 11. Nf3 h5 12. Be3 a6 13. O-O-O c5 14. Rhe1 Nc6
15. Kb1 Qc7 16. Qg3 c4 17. Nxd5 exd5 18. e6 Bd6 19. exd7+ Kxd7 20. Qh3+ f5 21.
Ne5+ Bxe5 22. dxe5 Ke6 23. Qg3 Rhg8 24. Qh4 Qe7 25. Bg5 Qc5 26. Bc1 Raf8 27. f4
Nb4 28. Be3 Qa5 29. a3 Nc6 30. Qf2 c3 31. Rd3 cxb2 32. Kxb2 d4 33. Bxd4 Nxd4
34. Qxd4 Rd8 35. Qc4+ Ke7 36. Red1 Qb6+ 37. Rb3 Qc6 38. Qb4+ Ke6 39. Rd6+ Rxd6
40. exd6 b5 41. Re3+ Kd7 42. Re7+ 1-0

[Event "DEM U12 2017"]
[Site "Willingen GER"]
[Date "2017.06.10"]
[Round "11"]
[White "Haufe, Laurin"]
[Black "Simukov, Erik"]
[Result "1-0"]
[Termination "normal"]
[Board "17"]
[WhiteElo "1665"]
[BlackElo "1719"]
[PlyCount "55"]
[WhiteFideId "12976504"]
[BlackFideId "12995380"]
[EventCountry "GER"]
[EventRounds "11"]
[EventType "swiss"]
[EventDate "2017.06.03"]

1. e4 e5 2. Nf3 Nc6 3. d4 exd4 4. Nxd4 Bc5 5. Be3 Qf6 6. c3 Nge7 7. Bc4 O-O 8.
O-O b6 9. Qd2 Qg6 10. f3 d5 11. Bxd5 Nxd5 12. exd5 Ne5 13. Bf4 Nc4 14. Qe2 Nd6
15. Bxd6 Qxd6 16. Kh1 Bxd4 17. cxd4 Qxd5 18. Rc1 Qd6 19. Qe4 Bd7 20. Nd2 Rfe8
21. Qd3 Re7 22. Ne4 Bf5 23. Rc3 Qg6 24. Rac1 Bxe4 25. fxe4 Rxe4 26. Qd2 Rae8
27. Rxc7 Re2 28. Qxe2 1-0

[Event "DEM U12 2017"]
[Site "Willingen GER"]
[Date "2017.06.10"]
[Round "11"]
[White "Sinnhöfer, Joshua"]
[Black "Schubert, Nikita"]
[Result "0-1"]
[Termination "normal"]
[Board "18"]
[WhiteElo "1540"]
[BlackElo "1788"]
[PlyCount "74"]
[WhiteFideId "16201361"]
[BlackFideId "16212339"]
[EventCountry "GER"]
[EventRounds "11"]
[EventType "swiss"]
[EventDate "2017.06.03"]

1. e4 e5 2. Nf3 Nc6 3. d4 exd4 4. Nxd4 Nf6 5. Nxc6 bxc6 6. e5 Qe7 7. Qe2 Nd5 8.
c4 Ba6 9. Nd2 g6 10. Ne4 h6 11. f4 Bg7 12. Qc2 Nb6 13. Be3 O-O 14. Bc5 d6 15.
exd6 Qe6 16. d7 Rfd8 17. O-O-O Nxd7 18. Bd3 Nxc5 19. Nxc5 Qe3+ 20. Kb1 Qxc5 21.
g4 Rab8 22. b3 Qd4 23. Kc1 Qa1+ 24. Kd2 Qb2 25. f5 Qxc2+ 26. Kxc2 g5 27. h4 Bf6
28. hxg5 Bxg5 29. Rde1 Re8 30. Ref1 Rbd8 31. f6 Bc8 32. Rh2 Rd6 33. a4 Ree6 34.
Rf5 Re3 35. Rxg5+ hxg5 36. Bh7+ Kf8 37. Bf5 Bxf5+ 0-1

[Event "DEM U12 2017"]
[Site "Willingen GER"]
[Date "2017.06.10"]
[Round "11"]
[White "Lauterbach, Kolja"]
[Black "Gallasch, Jonas"]
[Result "0-1"]
[Termination "normal"]
[Board "19"]
[WhiteElo "1358"]
[BlackElo "1813"]
[PlyCount "58"]
[WhiteFideId "16235916"]
[BlackFideId "16222474"]
[EventCountry "GER"]
[EventRounds "11"]
[EventType "swiss"]
[EventDate "2017.06.03"]

1. e4 c6 2. c4 d5 3. cxd5 cxd5 4. exd5 Nf6 5. Nc3 a6 6. Nf3 Nxd5 7. Bc4 Nxc3 8.
bxc3 b5 9. Bb3 e6 10. O-O Be7 11. d4 O-O 12. Be3 Bb7 13. Bc2 Nd7 14. Qd3 Nf6
15. Bg5 Be4 16. Qd2 Bxc2 17. Qxc2 Rc8 18. Qd3 h6 19. Bd2 Qd5 20. Ne5 Rfd8 21.
a4 Qxe5 22. dxe5 Rxd3 23. exf6 Bxf6 24. Rfd1 Rcd8 25. Ra2 Bxc3 26. Kf1 Rxd2 27.
Raxd2 Rxd2 28. Rc1 b4 29. g3 Ra2 0-1

[Event "DEM U12 2017"]
[Site "Willingen GER"]
[Date "2017.06.10"]
[Round "11"]
[White "Danninger, Jannik"]
[Black "von Krosigk, Florian"]
[Result "0-1"]
[Termination "normal"]
[Board "20"]
[WhiteElo "1642"]
[BlackElo "1627"]
[PlyCount "102"]
[WhiteFideId "16226402"]
[BlackFideId "16227808"]
[EventCountry "GER"]
[EventRounds "11"]
[EventType "swiss"]
[EventDate "2017.06.03"]

1. e4 g6 2. d4 Bg7 3. Nf3 d6 4. Nc3 a6 5. Bf4 b5 6. a4 b4 7. Na2 a5 8. Rb1 Bb7
9. Bb5+ c6 10. Bd3 Nd7 11. O-O Ngf6 12. Qd2 Nh5 13. Bh6 O-O 14. Bxg7 Kxg7 15.
Rfe1 e5 16. Re3 Nf4 17. c3 c5 18. Bb5 Nf6 19. d5 Qc8 20. h3 Ba6 21. Bxa6 Qxa6
22. b3 h6 23. c4 Rh8 24. Nh4 Rag8 25. Nc1 Kf8 26. Ne2 N6h5 27. Rf3 Qa7 28. Kh2
Nxe2 29. Qxe2 Nf4 30. Qf1 Ke8 31. g3 Nh5 32. Qg2 Qd7 33. Kg1 Rf8 34. Kf1 Rhg8
35. Re3 f5 36. Qf3 fxe4 37. Qxe4 Qxh3+ 38. Ke2 Nf6 39. Qd3 Ng4 40. Rf3 Rxf3 41.
Nxf3 Kd7 42. Nh4 e4 43. Qc2 Rf8 44. Rf1 Qxf1+ 45. Kxf1 Ne3+ 46. Ke2 Nxc2 47.
Nxg6 Rf6 48. Nf4 Nd4+ 49. Ke3 Nxb3 50. Kxe4 Nd4 51. Nd3 Rf3 0-1

[Event "DEM U12 2017"]
[Site "Willingen GER"]
[Date "2017.06.10"]
[Round "11"]
[White "Mainka, Alwin"]
[Black "Stillbauer, Jan"]
[Result "1-0"]
[Termination "normal"]
[Board "21"]
[WhiteElo "1579"]
[BlackElo "1658"]
[PlyCount "97"]
[WhiteFideId "16241177"]
[BlackFideId "16239393"]
[EventCountry "GER"]
[EventRounds "11"]
[EventType "swiss"]
[EventDate "2017.06.03"]

1. e4 e5 2. Nf3 Nc6 3. Bb5 a6 4. Ba4 Nf6 5. O-O Nxe4 6. Re1 b5 7. Rxe4 d5 8.
Re1 bxa4 9. Nxe5 Nxe5 10. Rxe5+ Be6 11. c3 Bd6 12. Qxa4+ Kf8 13. Re1 Qf6 14. d3
Qg6 15. Bf4 Be7 16. Qd4 c5 17. Qe3 Re8 18. Nd2 h5 19. Nb3 h4 20. Nxc5 Bxc5 21.
Qxc5+ Kg8 22. Qe3 Rd8 23. d4 Bf5 24. Kf1 Bd3+ 25. Kg1 Bf5 26. Rad1 Be4 27. f3
Bf5 28. Kf2 h3 29. g3 Qb6 30. Qd2 f6 31. Re7 Rc8 32. Qe2 g5 33. Bc1 Qd6 34. Re1
Be4 35. Ra7 Bf5 36. Qxa6 Qxa6 37. Rxa6 Kg7 38. Re7+ Kg6 39. g4 Bd3 40. Raa7
Rcd8 41. a4 Rde8 42. b4 Bc2 43. a5 Bd3 44. f4 gxf4 45. Bxf4 f5 46. Rg7+ Kf6 47.
Raf7+ Ke6 48. g5 Rhf8 49. Rb7 1-0

[Event "DEM U12 2017"]
[Site "Willingen GER"]
[Date "2017.06.10"]
[Round "11"]
[White "Reindl, Jork"]
[Black "Rashba, David"]
[Result "1/2-1/2"]
[Termination "normal"]
[Board "22"]
[WhiteElo "1461"]
[BlackElo "1508"]
[PlyCount "52"]
[WhiteFideId "16200152"]
[BlackFideId "16205499"]
[EventCountry "GER"]
[EventRounds "11"]
[EventType "swiss"]
[EventDate "2017.06.03"]

1. e4 c6 2. d4 d5 3. Nc3 dxe4 4. Nxe4 Bf5 5. Ng3 Bg6 6. N1e2 Nf6 7. Nf4 e6 8.
h4 e5 9. dxe5 Qa5+ 10. c3 Qxe5+ 11. Qe2 Qxe2+ 12. Bxe2 Be4 13. Nxe4 Nxe4 14.
Bf3 Nf6 15. Nh5 Nxh5 16. Bxh5 Be7 17. g3 Na6 18. Be3 Bc5 19. Bxc5 Nxc5 20.
O-O-O O-O 21. Bf3 Rad8 22. Rxd8 Rxd8 23. Rf1 g6 24. b4 Ne6 25. Bg4 Nc7 26. Rd1
Rxd1+ 1/2-1/2

[Event "DEM U12 2017"]
[Site "Willingen GER"]
[Date "2017.06.10"]
[Round "11"]
[White "Zeuner, Ole"]
[Black "Frank, Marek"]
[Result "1-0"]
[Termination "normal"]
[Board "23"]
[WhiteElo "1764"]
[BlackElo "1639"]
[PlyCount "45"]
[WhiteFideId "12943576"]
[BlackFideId "16239520"]
[EventCountry "GER"]
[EventRounds "11"]
[EventType "swiss"]
[EventDate "2017.06.03"]

1. e4 c5 2. Nf3 Nc6 3. d4 cxd4 4. Nxd4 g6 5. Nc3 Bg7 6. Be3 Nf6 7. Bc4 O-O 8.
Bb3 d6 9. h3 Bd7 10. O-O Rc8 11. f4 a6 12. Qf3 Nxd4 13. Bxd4 Bc6 14. Qe3 Nd7
15. Kh1 Bxd4 16. Qxd4 Qb6 17. Qd2 Nc5 18. f5 Bxe4 19. f6 exf6 20. Qd4 Qc6 21.
Bd5 Bxd5 22. Nxd5 Nd7 23. Ne7+ 1-0

[Event "DEM U12 2017"]
[Site "Willingen GER"]
[Date "2017.06.10"]
[Round "11"]
[White "Tran, Minh Dat"]
[Black "Gluma, Christian"]
[Result "0-1"]
[Termination "normal"]
[Board "24"]
[WhiteElo "1403"]
[BlackElo "1691"]
[PlyCount "114"]
[WhiteFideId "16244702"]
[BlackFideId "16223209"]
[EventCountry "GER"]
[EventRounds "11"]
[EventType "swiss"]
[EventDate "2017.06.03"]

1. d4 d5 2. Nf3 Nf6 3. c4 e6 4. Bg5 Be7 5. e3 O-O 6. Bd3 Nbd7 7. Nc3 c6 8. O-O
dxc4 9. Bxc4 Nd5 10. Bxe7 Qxe7 11. Re1 N5b6 12. Bb3 Nf6 13. Na4 Nxa4 14. Bxa4
b5 15. Bc2 c5 16. dxc5 Qxc5 17. Bb3 Bb7 18. Rc1 Qb6 19. Qe2 Rac8 20. Red1 Nd5
21. Nd4 a6 22. Qd2 Rc7 23. Rxc7 Qxc7 24. Rc1 Qd7 25. Bxd5 Qxd5 26. Nf3 Qxa2 27.
Rc7 Bd5 28. Qc2 Qa1+ 29. Qc1 Qxc1+ 30. Rxc1 Rd8 31. Rc7 Bc4 32. h3 f6 33. Ra7
Rd6 34. Nd4 g6 35. Nc2 Rd1+ 36. Kh2 Rd2 37. Nb4 Rxb2 38. Nxa6 Ra2 39. Ra8+ Kg7
40. Nc7 Rxa8 41. Nxa8 b4 42. Nb6 Bb5 43. Nc8 b3 44. Nd6 b2 45. Nxb5 b1=Q 46.
Nd4 Kf7 47. Nf3 e5 48. g3 Qf1 49. Ng1 Qxf2+ 50. Kh1 Qxg3 51. h4 Qxh4+ 52. Kg2
Qg5+ 53. Kh1 Qxe3 54. Kh2 f5 55. Kh1 f4 56. Kh2 f3 57. Kh1 f2 0-1

[Event "DEM U12 2017"]
[Site "Willingen GER"]
[Date "2017.06.10"]
[Round "11"]
[White "Ljuca, Rijad"]
[Black "Stepanov, Maximilian"]
[Result "1-0"]
[Termination "normal"]
[Board "25"]
[WhiteElo "1436"]
[BlackElo "1609"]
[PlyCount "125"]
[WhiteFideId "16216121"]
[BlackFideId "16244680"]
[EventCountry "GER"]
[EventRounds "11"]
[EventType "swiss"]
[EventDate "2017.06.03"]

1. d4 d5 2. c4 c6 3. Nc3 Nf6 4. Nf3 a6 5. cxd5 cxd5 6. Bg5 e6 7. e3 h6 8. Bh4
Be7 9. Bd3 Nc6 10. O-O O-O 11. Qe2 Nb4 12. a3 Nxd3 13. Qxd3 b5 14. b4 Nd7 15.
Bxe7 Qxe7 16. e4 dxe4 17. Qxe4 Nf6 18. Qxa8 Bb7 19. Qa7 Ra8 20. Qc5 Qd8 21. Qe5
Nd5 22. Nxd5 Bxd5 23. Rfc1 a5 24. Qc7 Qxc7 25. Rxc7 axb4 26. Rc5 Ra5 27. Ne5
bxa3 28. Nc6 Bxc6 29. Rxc6 b4 30. Rb6 Ra4 31. Rb8+ Kh7 32. Kf1 Kg6 33. Ke2 Kf5
34. Kd3 a2 35. Kc4 b3+ 36. Kxb3 Rxd4 37. Rxa2 e5 38. Rb7 Kg6 39. Re2 f6 40. Rb6
Rd7 41. Kc3 Kf5 42. Rd2 Rc7+ 43. Kd3 Rd7+ 44. Ke2 Rc7 45. Rbd6 Rc4 46. Rd7 g6
47. Rf7 Rc6 48. h3 h5 49. f3 Rb6 50. g4+ hxg4 51. hxg4+ Kg5 52. Ke3 Rb3+ 53.
Rd3 Rb4 54. Rd6 Rf4 55. Rf8 f5 56. gxf5 gxf5 57. Rg8+ Kh5 58. Rh8+ Kg5 59. Rhh6
Re4+ 60. fxe4 f4+ 61. Kf2 f3 62. Ke3 f2 63. Rdg6# 1-0

[Event "DEM U12 2017"]
[Site "Willingen GER"]
[Date "2017.06.10"]
[Round "11"]
[White "Grabbel, Torben Frederik"]
[Black "Chassard, Cedric"]
[Result "0-1"]
[Termination "normal"]
[Board "26"]
[WhiteElo "1411"]
[BlackElo "1290"]
[PlyCount "68"]
[WhiteFideId "16219180"]
[BlackFideId "16243536"]
[EventCountry "GER"]
[EventRounds "11"]
[EventType "swiss"]
[EventDate "2017.06.03"]

1. d4 Nf6 2. c4 e6 3. Nc3 d5 4. Bg5 Bb4 5. Qc2 h6 6. Bh4 Nbd7 7. Nf3 Be7 8. e3
b6 9. cxd5 Nxd5 10. Nxd5 exd5 11. Bg3 c5 12. Bb5 O-O 13. Bc6 Rb8 14. Bxd7 Bxd7
15. Bxb8 Qxb8 16. O-O Bd6 17. dxc5 bxc5 18. h3 Qc8 19. Ne1 Bb5 20. Nd3 Bd7 21.
Nf4 Qb7 22. Rfd1 Bc6 23. Ne2 Re8 24. Nc3 Re5 25. Qb3 Qe7 26. Qc2 Rg5 27. Rd2 d4
28. exd4 Bxg2 29. f3 Qe3+ 30. Rf2 Qf4 31. Rxg2 Qh2+ 32. Kf1 Qh1+ 33. Kf2 Qxg2+
34. Ke3 Qxc2 0-1

[Event "DEM U12 2017"]
[Site "Willingen GER"]
[Date "2017.06.10"]
[Round "11"]
[White "Kühn, Antoni"]
[Black "Pixa, Karl"]
[Result "0-1"]
[Termination "normal"]
[Board "27"]
[WhiteElo "940"]
[BlackElo "1496"]
[PlyCount "58"]
[WhiteFideId "16244710"]
[BlackFideId "16240480"]
[EventCountry "GER"]
[EventRounds "11"]
[EventType "swiss"]
[EventDate "2017.06.03"]

1. e4 c5 2. b3 d6 3. Bb2 e6 4. Bb5+ Bd7 5. Bxd7+ Qxd7 6. d3 Nc6 7. Nd2 e5 8.
Ngf3 Nf6 9. h3 Be7 10. O-O O-O 11. a4 Nh5 12. Nxe5 Nxe5 13. Qxh5 Ng6 14. g3
Rfe8 15. Nf3 Rac8 16. Rac1 b6 17. e5 dxe5 18. Nxe5 Nxe5 19. Qxe5 Bf6 20. Qh5
Bxb2 21. Rce1 Bf6 22. Rxe8+ Rxe8 23. c4 Qxd3 24. Rd1 Qxb3 25. Rd7 Qxc4 26. Rxa7
Qe6 27. a5 bxa5 28. Rxa5 Qe1+ 29. Kg2 Qxa5 0-1

[Event "DEM U12 2017"]
[Site "Willingen GER"]
[Date "2017.06.10"]
[Round "11"]
[White "Wildermuth, Nikolas Karl"]
[Black "Weidenhöfer, Max"]
[Result "0-1"]
[Termination "normal"]
[Board "28"]
[WhiteElo "1422"]
[BlackElo "1483"]
[PlyCount "72"]
[WhiteFideId "16244699"]
[BlackFideId "16230566"]
[EventCountry "GER"]
[EventRounds "11"]
[EventType "swiss"]
[EventDate "2017.06.03"]

1. e4 c6 2. d4 d5 3. exd5 cxd5 4. c4 Nf6 5. Nc3 Bf5 6. Nf3 Nc6 7. a3 e6 8. cxd5
Nxd5 9. Bc4 Nb6 10. Ba2 Bd6 11. O-O O-O 12. Bg5 Be7 13. Bf4 Rc8 14. Re1 Qd7 15.
Ne5 Nxe5 16. dxe5 Qxd1 17. Raxd1 Rfd8 18. Rxd8+ Rxd8 19. Rd1 Rxd1+ 20. Nxd1 Bd8
21. Nc3 a6 22. Be3 Nd7 23. f4 h6 24. Na4 g5 25. g3 gxf4 26. gxf4 Kg7 27. Kf2
Kg6 28. Nc5 Nxc5 29. Bxc5 Kh5 30. Bf8 Bb6+ 31. Kg3 Bd4 32. b3 Bc3 33. Bb4 Bxb4
34. axb4 b5 35. h4 Bh7 36. Kh3 Bg6 0-1